00422nam a2200145Ia 4500008004100000020001800041082001500059100002300074245001200097260000800109500000800117942000700125952012900132999001500261260604s9999 xx 000 0 und d a9780241677261 a823.91 DAH aDAHL, ROALD935354 0aTHE BFG bPEN aBFG cBK 00104070aIIMVbIIMVcGENERALd2026-06-04g399.00l0o823.91 DAHp003765r2026-06-04 10:19:08v399.00w2026-06-04yBKBDAH c8147d8147